Fraňo Král : (1903-1955) : literární pozůstalost /

Hlavní autor: Boháčová, Eva
Jazyk: Čeština
Vydáno: Praha : Literární archív Památníku národního písemnictví, 1980
Edice: Edice inventářů
Témata:
Fyzický popis: 8 stran : ilustrace ; 8°
Knihy
Uloženo v:
LEADER 01368nam a22003852i 4500
001 001545225
003 CZ BrMZK
005 20160927130556.0
007 ta
008 160927s1980 xr a er|||||||||||cze d
015 |a cnb000841522 
035 |a (OCoLC)85492790 
040 |a ABA001  |b cze  |d ABA001  |d BOA001  |e rda 
072 7 |a 821.162.4.09  |x Slovenská literatura (o ní)  |2 Konspekt  |9 11 
080 9 |a 821.162.4-051  |2 MRF 
080 |a 82:930.253  |2 MRF 
080 |a (437.3)  |2 MRF 
080 |a (083.8)  |2 MRF 
100 1 |a Boháčová, Eva  |4 aut 
245 1 0 |a Fraňo Král :  |b (1903-1955) : literární pozůstalost /  |c Eva Boháčová 
264 1 |a Praha :  |b Literární archív Památníku národního písemnictví,  |c 1980 
300 |a 8 stran :  |b ilustrace ;  |c 8° 
336 |a text  |b txt  |2 rdacontent 
337 |a bez média  |b n  |2 rdamedia 
338 |a svazek  |b nc  |2 rdacarrier 
490 1 |a Edice inventářů ;  |v č. 371 
600 1 7 |a Kráľ, Fraňo,  |d 1903-1955  |7 jn20000603546  |2 czenas 
650 0 7 |a slovenští spisovatelé  |7 ph125683  |y 20. století  |2 czenas 
650 0 7 |a literární pozůstalost  |7 ph119300  |z Česko  |2 czenas 
655 7 |a seznamy  |7 fd133378  |2 czenas 
830 0 |a Edice inventářů 
910 |a BOA001  |b X-0845.737 
990 |a BK 
991 |b 201609 
996 6 |b 2619176563  |c X-0845.737  |l MZK  |r Sklad / do 24 hodin  |n 0  |w 001580443  |u 000010  |a 1  |e BOA001  |j MZK50  |s P